1000 ejercicios y juegos de gimnasia rítmica deportiva
Gespeichert in:
| Hauptverfasser: | , |
|---|---|
| Format: | Buch |
| Sprache: | Spanisch |
| Veröffentlicht: |
Barcelona
Paidotribo
1996
|
| Schriftenreihe: | Colección Deporte
|
| Schlagworte: | |
| Tags: |
Tag hinzufügen
Keine Tags, Fügen Sie den ersten Tag hinzu!
|
MARC
| LEADER | 00000nam a2200000 a 4500 | ||
|---|---|---|---|
| 001 | UCR5839 | ||
| 003 | CL-VaPUC | ||
| 008 | 980403e19960000SP |||||||||||||||||spa|d | ||
| 082 | 0 | 4 | |a 796.41 |b BAR |2 21 |
| 100 | 0 | |a Barta Peregort, Anna |e author |9 406714 | |
| 700 | 0 | |a Durán Delgado, Conxita |e author |9 406715 | |
| 245 | 1 | 0 | |a 1000 ejercicios y juegos de gimnasia rítmica deportiva |
| 300 | |a 359 p | ||
| 942 | |c BK | ||
| 945 | |d 19980403 00:00:00 |a rbrito | ||
| 260 | |a Barcelona |b Paidotribo |c 1996 | ||
| 650 | 7 | |a GIMNASIA RITMICA |2 CL-VaPUC |9 307584 | |
| 650 | 7 | |a GIMNASIA |2 CL-VaPUC |9 307275 | |
| 650 | 0 | |a Ejercicios físicos |9 307296 | |
| 650 | 7 | |a ENTRENAMIENTO ATLETICO |2 CL-VaPUC |9 406716 | |
| 650 | 7 | |a GIMNASIA CON ELEMENTO |2 CL-VaPUC |9 406717 | |
| 583 | |a last modification |c 19980403 00:00:00 |k Rodrigo Vera | ||
| 490 | 0 | |a Colección Deporte | |
| 999 | |c 268187 |d 268185 | ||
| 952 | |0 0 |1 0 |4 0 |6 796_410000000000000_BAR_1996 |7 0 |8 A |9 301136 |a BIBEDU |b BIBEDU |d 2019-11-20 |i 340885K |o 796.41 BAR 1996 |p 340885K |r 2019-11-20 |w 2019-11-20 |y BK |k EFI | ||